00845nam a2200253 a 4500008004100000020003200041040002500073041001300098080001000111100002500121245008900146250001300235260004900248300002800297490001200325500003900337700002800376700003000404700002700434044001100461958000600472999001700478952009600495951122s1986||||[C 0 slo c c26 Kčs. q(18500 výtl.) aSNKbslocSNKeAACR21 aslohita a850-31 aStrati, Saverio4aut10aSatanášcSaverio Strati ; Blahoslav Hečko, Blahoslav Hečko, Adela Jakabová a1., vyd. aBratislavabPravdac1986eBratislavafPravda a209 s., 12,17 AHc20 cm0 aMaják aIlustr. na front. a predsádkach.1 aHečko, Blahoslav4trl1 aHečko, Blahoslav4[ADC]1 aJakabová, Adela4bkd axocSK aA c12320d12320 001040708Ka10000b10000d2019-11-29g26.00i11612oB 5738r2019-11-29w2019-11-29yKLDO